| 000 | 00703nam a22002417i 4500 | ||
|---|---|---|---|
| 336 |
_atext _btxt _2rdacontent |
||
| 337 |
_aunmediated _bn _2rdamedia |
||
| 338 |
_avolume _bnc _2rdacarrier |
||
| 999 |
_c41652 _d41652 |
||
| 003 | URS | ||
| 005 | 20220114162519.0 | ||
| 008 | 211116b ||||| |||| 00| 0 eng d | ||
| 040 |
_beng _erda _cURS |
||
| 050 |
_aKPM953 _bD3777 1985 |
||
| 060 | _aKPM953 | ||
| 100 | 1 |
_aDe Leon, Hector S, _eauthor |
|
| 245 |
_aThe law on partnerships and private corporations _cHector S. De Leon |
||
| 250 | _a1985 Edition | ||
| 264 | 1 |
_a Manila _bRex Book Store _c[1985] |
|
| 264 | 4 | _c©1985 | |
| 300 | _a476 pages. | ||
| 650 | 0 |
_aPartnership _bPrivate Corporation _zPhilippines |
|
| 942 |
_2lcc _cF |
||